Zambia in maps /

সংরক্ষণ করুন:
গ্রন্থ-পঞ্জীর বিবরন
প্রধান লেখক: Davies,Hywel
বিন্যাস: গ্রন্থ
ভাষা:ইংরেজি
প্রকাশিত: London : University of London Press, c1971.
বিষয়গুলি:
ট্যাগগুলো: ট্যাগ যুক্ত করুন
কোনো ট্যাগ নেই, প্রথমজন হিসাবে ট্যাগ করুন!

MARC

LEADER 00000nam a22000002 4500
001 0000039727
003 Daystar
005 20171002021245.0
008 061129s xx 000 0 eng d
040 |a Daystar 
050 0 0 |a G2575  |b .Z32 
100 1 |a Davies,Hywel. 
245 1 0 |a Zambia in maps /  |c by.Hywel Davies. 
260 |a London :  |b University of London Press,  |c c1971. 
300 |a  p.128 :  |b ill. 
504 |a Includes bibliographical references and index. 
650 0 |a Zambia  |x Maps. 
908 |a 061129 
942 |c G 
952 |0 0  |1 0  |4 0  |6 G_2575_000000000000000_Z32  |7 0  |9 39183  |a DUN  |b DUN  |c GC  |d 2017-09-28  |l 0  |o G2575.Z32  |p BK039289  |r 2017-09-28 00:00:00  |w 2017-09-28  |x 8335  |y G 
999 |c 25839  |d 25839